000 00422nam a22001697a 4500
003 MPLRDC
005 20220104165805.0
008 210129b ||||| |||| 00| 0 eng d
020 _a0-19-581141-0
082 _a859.6 STO-2 c.2
100 _aRONALD D.K. STORER
245 _aROBIN HOOD
_c
260 _a
_bOXFORD UNIVERSITY PRESS
_c1982
300 _b
650 _aCHILDREN LITERATURE
942 _cBK
_o859.6 STO-2 c.2
999 _c57603
_d57593